Beijing Forum Islamabad (BFI) May 24-26, 2016 Proceeding: (Record no. 588569)
[ view plain ]
| 000 -LEADER | |
|---|---|
| fixed length control field | 00478nam a22001217a 4500 |
| 082 ## - DEWEY DECIMAL CLASSIFICATION NUMBER | |
| Classification number | 303.482 |
| Author Mark | BEI |
| 245 ## - TITLE STATEMENT | |
| Title | Beijing Forum Islamabad (BFI) May 24-26, 2016 Proceeding: |
| Remainder of title | The Harmony of Civilizations and Prosperity for All-China and Pakistan in the Community of common Destiny for all Mankind / |
| 260 ## - PUBLICATION, DISTRIBUTION, ETC. | |
| Place of publication, distribution, etc. | Islamabad : |
| Name of publisher, distributor, etc. | GTTN NUST Forum, |
| Date of publication, distribution, etc. | 2016. |
| 300 ## - PHYSICAL DESCRIPTION | |
| Extent | 263p. ; |
| Dimensions | 28 cm. |
| 700 ## - ADDED ENTRY--PERSONAL NAME | |
| Personal name | by GTTN |
| 942 ## - ADDED ENTRY ELEMENTS (KOHA) | |
| Source of classification or shelving scheme | |
| Koha item type | Book |
| 700 ## - ADDED ENTRY--PERSONAL NAME | |
| -- | 90207 |
| Withdrawn status | Lost status | Source of classification or shelving scheme | Damaged status | Not for loan | Permanent Location | Current Location | Shelving location | Date acquired | Source of acquisition | Total Checkouts | Full call number | Barcode | Date last seen | Price effective from | Koha item type |
|---|---|---|---|---|---|---|---|---|---|---|---|---|---|---|---|
| Central Library (CL) | Central Library (CL) | Chinese Studies | 03/05/2022 | Donated by Student Affairs | 303.482 BEI | CL-D-1538 | 03/05/2022 | 03/05/2022 | Book |
